Les 100 meilleurs livres selon le Cercle norvégien du livre. - Statistiques

Statistiques générales
  • Ce quiz a été pris 12 fois
  • Le résultat moyen est 36 sur 100
Statistiques - réponses
Auteur Titre Date % Correct
Stendhal Le Rouge et le Noir 1830
91%
George Orwell 1984 1949
82%
William Shakespeare Hamlet 1603
82%
Homère Iliade 850-750 av. J.-C.
82%
Emily Brontë Les Hauts de Hurlevent 1847
82%
Homère Odyssée 850-750 av. J.-C.
82%
Marcel Proust À la recherche du temps perdu 1913-1927
73%
Miguel de Cervantes Don Quichotte 1605-1615
73%
François Rabelais Gargantua et Pantagruel 1532-1534
73%
Léon Tolstoï Guerre et Paix 1869
73%
Honoré de Balzac Le Père Goriot 1835
73%
Albert Camus L'Étranger 1942
73%
Gustave Flaubert Madame Bovary 1857
73%
Virgile Énéide 29-19 av. J.-C.
64%
Vladimir Nabokov Lolita 1955
64%
Herman Melville Moby Dick 1851
64%
Louis-Ferdinand Céline Voyage au bout de la nuit 1932
64%
Léon Tolstoï Anna Karénine 1877
55%
Fiodor Dostoïevski Crime et Châtiment 1866
55%
Dante Alighieri Divine Comédie 1300
55%
Anonyme (Mésopotamie)
Version standard (XIIIe siècle av. J.-C.) : attribuée à Sîn-leqi-unninni.
Épopée de Gilgamesh XVIIIe – XVIIe siècle av. J.-C.)
55%
Ovide Les Métamorphoses 1 (Ier siècle)
55%
Jonathan Swift Les Voyages de Gulliver 1726
55%
Ernest Hemingway Le Vieil Homme et la Mer 1952
55%
Marguerite Yourcenar Mémoires d'Hadrien 1951
55%
Jane Austen Orgueil et Préjugés 1813
55%
James Joyce Ulysse 1922
55%
Gabriel García Márquez Cent ans de solitude 1967
45%
Hans Christian Andersen Contes 1835-1837
45%
Michel de Montaigne Essais 1595
45%
Johann Wolfgang von Goethe Faust 1808
45%
Franz Kafka Le Procès 1925
45%
Edgar Allan Poe Les contes d'... 1840 (XIXe siècle)
45%
Fiodor Dostoïevski Les Frères Karamazov 1880
45%
Fiodor Dostoïevski L'Idiot 1869
45%
Thomas Mann La Montagne magique 1924
36%
Franz Kafka Le Château 1926
36%
Anonyme (civilisation islamique) Les Mille et Une Nuits [contes] 800 (IXe siècle)
36%
Robert Musil L'Homme sans qualités 1930-1932
36%
William Shakespeare Othello ou le Maure de Venise 1622
36%
Níkos Kazantzákis Alexis Zorba 1946
27%
Boccace Décaméron 1349-1353
27%
Astrid Lindgren Fifi Brindacier 1945
27%
Knut Hamsun La Faim 1890
27%
Léon Tolstoï La Mort d'Ivan Ilitch 1886
27%
Murasaki Shikibu Le Dit du Genji [roman japonais] 1000 (XIe siècle)
27%
Gustave Flaubert L'Éducation sentimentale 1869
27%
William Shakespeare Le Roi Lear 1608
27%
Nicolas Gogol Les Âmes mortes 1842
27%
Mark Twain Les Aventures de Huckleberry Finn 1884
27%
Fiodor Dostoïevski Les Démons 1872
27%
Charles Dickens Les Grandes Espérances 1861
27%
Günter Grass Le Tambour 1959
27%
Origine incertaineSelon la légende, Ganesh l'aurait écrit, sous la dictée du sage Vyāsa. Mahâbhârata [épopée sanskrite (itihâsa)] 300 av. J.-C. (IVe siècle av. J.-C.)
27%
Euripide Médée 431 av. J.-C.
27%
Virginia Woolf Mrs Dalloway 1925
27%
Henrik Ibsen Une maison de poupée 1879
27%
William Faulkner Absalon, Absalon ! 1936
18%
D. H. Lawrence Amants et Fils 1913
18%
Toni Morrison Beloved 1987
18%
Alfred Döblin Berlin Alexanderplatz 1929
18%
João Guimarães Rosa Diadorim (Grande Sertão: veredas) 1956
18%
Walt Whitman Feuilles d'herbe 1855
18%
Jorge Luis Borges Fictions 1944
18%
Halldór Laxness Gens indépendants 1934-1935
18%
Ralph Ellison Homme invisible, pour qui chantes-tu ? 1952
18%
Denis Diderot Jacques le Fataliste et son maître 1796
18%
Italo Svevo La Conscience de Zeno 1923
18%
Gabriel García Márquez L'Amour aux temps du choléra 1985
18%
Virginia Woolf La Promenade au phare 1927
18%
Kâlidâsa (poète indien) La Reconnaissance de Shâkountalâ 100 à 300 apr. J.-C.
18%
Elsa Morante La storia 1974
18%
José Saramago L'Aveuglement 1995
18%
William Faulkner Le Bruit et la Fureur 1929
18%
Doris Lessing Le Carnet d'or 1962
18%
Yasunari Kawabata Le Grondement de la montagne 1954
18%
Saadi Le Jardin des fruits [poèmes iraniens] 1257
18%
Lu Xun Le Journal d'un fou 1918
18%
Fernando Pessoa Le Livre de l'intranquillité 1982
18%
Thomas Mann Les Buddenbrook 1901
18%
Geoffrey Chaucer Les Contes de Canterbury XIVe siècle
18%
Salman Rushdie Les Enfants de minuit 1981
18%
Naguib Mahfouz Les Fils de la Médina 1959
18%
Franz Kafka Les nouvelles de... 1924 (environ)
18%
Giacomo Leopardi Les poèmes de... 1818
18%
Paul Celan Les poèmes de... 1952
18%
Djalâl ad-Dîn Rûmî Masnavî [poèmes iraniens] 1200 (XIIIe siècle)
18%
George Eliot Middlemarch 1871
18%
Joseph Conrad Nostromo 1904
18%
Sophocle Œdipe roi 430 av. J.-C.
18%
Juan Rulfo Pedro Páramo 1955
18%
Valmiki (selon la tradition) Rāmāyana [épopée sanskrite (itihâsa)] 200 av. J.-C. à 200 apr. J.-C.
18%
Anton Tchekhov Récits divers 1886
18%
Federico García Lorca Romancero gitano 1928
18%
Tayeb Salih Saison de la migration vers le nord 1971
18%
Chinua Achebe Tout s'effondre 1958
18%
Samuel Beckett Trilogie : Molloy, Malone meurt, L'Innommable 1951-1953
18%
Laurence Sterne Vie et opinions de Tristram Shandy, gentilhomme 1760
18%
Anonyme (Empire archéménide)Il s'agit d'un livre du Tanakh et de l'Ancien Testament. Livre de Job VIe - IVe siècle av. J.-C
9%
Anonyme (saga islandaise) Saga de Njáll le Brûlé 1200 (XIIIe siècle)
9%
Aucun quiz correspondant
Distribution des résultats
% des personnes avec chaque résultat
Percentile par nombre de réponses
Votre historique - résultats
Vous n’avez pas pris ce quiz